000 01629nam a2200493 i 4500
001 29835
003 KOSZ 005
005 20200716093632.0
008 970903s1990 pl f |000 0 pol
015 _aUWD 1990/7282
020 _a8304033593
035 _a991002368549705066
035 _a(PL-WaBN)b10653442-48omnis_nlop
035 _ab10653442
035 _a(OCoLC)69469279
035 _a(PL)b0000001065344
035 _a(EXLNZ-48OMNIS_NETWORK)9910403564805606
040 _aWA N
_cWA N
_dKOSZ 005/EG
041 0 _apol
_beng
080 _a342.97/.98
080 _a354
080 _a351.82
080 _a342.9
080 _a(438)"19"
100 1 _aRabska, Teresa
_d(1926-2018)
_eAutor
245 1 0 _aPrawny mechanizm kierowania gospodarką :
_bdziałalność prawodawcza administracji i jej uwarunkowania.
260 _aWrocław ; Warszawa [etc.] :
_bZakład Narodowy im. Ossolińskich,
_c1990.
300 _a255, [1] s. ;
_c24 cm.
336 _aTekst
_btxt
_2rdacontent
337 _aBez urządzenia pośredniczącego
_bn
_2rdamedia
338 _aWolumin
_bnc
_2rdacarrier
380 _aKsiążki
388 _a1901-2000
388 _a1989-2000
650 7 _aPrawo gospodarcze
_2DBN
650 7 _aAdministracja
_2DBN
650 7 _aPrawodawstwo
_2DBN
651 7 _aPolska
_2DBN
658 _aPrawo i wymiar sprawiedliwości
710 2 _aZakład Narodowy im. Ossolińskich
_bWydawnictwo
_4pbl
856 _uhttp://koha.tu.koszalin.pl/cgi-bin/koha/opac-detail.pl?biblionumber=29835
_yKatalog online BPK
942 _2UKD
_cKS
999 _c29835
_d29835